书目信息 |
| 题名: |
城市污水的资源再生及热能回收利用
|
|
| 作者: | 尹军 , 陈雷 , 王之鹤立 编著 | |
| 分册: | ||
| 出版信息: | 北京 化学工业出版社 2003.04 |
|
| 页数: | 230页 | |
| 开本: | 26cm | |
| 丛书名: | 环境科学与工程系列丛书 | |
| 单 册: | ||
| 中图分类: | X703 | |
| 科图分类: | ||
| 主题词: | 废物 , 废物处理 , 废物综合利用 | |
| 电子资源: | ||
| ISBN: | 7-5025-4152-7 | |
| 000 | 00842nam0 2200265 45 | |
| 001 | 0435989684 | |
| 005 | 20050113143854.82 | |
| 010 | @a7-5025-4152-7@dCNY 36.00 | |
| 100 | @a20040428d2003 km y0chiy0120 ea | |
| 101 | 0 | @achi |
| 102 | @aCN@b110000 | |
| 200 | 1 | @a城市污水的资源再生及热能回收利用@ACheng Shi Wu Shui De Zi Yuan Zai Sheng Ji Re Neng Hui Shou Li Yong@f尹军,陈雷,王之鹤立编著@Fyin jun,chen lei,wang zhi he li bian zhu |
| 210 | @a北京@c化学工业出版社@d2003.04 | |
| 215 | @a230页@d26cm | |
| 225 | 2 | @a环境科学与工程系列丛书 |
| 410 | 0 | @12001 @a环境科学与工程系列丛书 |
| 606 | 0 | @a废物 |
| 606 | 0 | @a废物处理 |
| 606 | 0 | @a废物综合利用 |
| 690 | @aX703@v3 | |
| 701 | 0 | @a尹军@Ayin jun@4编著 |
| 701 | 0 | @a陈雷@Achen lei@4编著 |
| 701 | 0 | @a王之鹤立@Awang zhi he li@4编著 |
| 801 | 0 | @aCN@bPFT@c20050113 |
| 905 | @dX703@eY598 | |
| 城市污水的资源再生及热能回收利用/尹军,陈雷,王之鹤立编著.-北京:化学工业出版社,2003.04 |
| 230页;26cm.-(环境科学与工程系列丛书) |
| ISBN 7-5025-4152-7:CNY 36.00 |
| ● |
| 相关链接 |
|
|
|
正题名:城市污水的资源再生及热能回收利用
索取号:X703/Y598
 
预约/预借
| 序号 | 登录号 | 条形码 | 馆藏地/架位号 | 状态 | 备注 |
| 1 | 391342 | 203913426 | 自科库501/501自科库 105排2列1层/ [索取号:X703/Y598] | 在馆 | |
| 2 | 391343 | 203913435 | 自科二线504/504自科库 41排4列2层/ [索取号:X703/Y598] | 在馆 | |
| 3 | 391344 | 203913444 | 自科二线504/504自科库 41排4列2层/ [索取号:X703/Y598] | 在馆 | |
| 4 | 434712 | 204347126 | 市政与环境工程学院资料室/ [索取号:X703/Y598] | 在馆 | |
| 5 | 434713 | 204347135 | 市政与环境工程学院资料室/ [索取号:X703/Y598] | 在馆 | |
| 6 | 436833 | 204368335 | 市政与环境工程学院资料室/ [索取号:X703/Y598] | 在馆 | |
| 7 | 436834 | 204368344 | 自科库501/501自科库 105排2列1层/ [索取号:X703/Y598] | 在馆 | |
| 8 | 436835 | 204368353 | 自科库501/501自科库 105排2列1层/ [索取号:X703/Y598] | 在馆 |